| 000 | 01964cam a2200577 4500 | ||
|---|---|---|---|
| 999 |
_c23146 _d23146 |
||
| 001 | vtls011780403 | ||
| 005 | 20220207131638.0 | ||
| 008 | 200228s2018 xo oc grh 000 0cslo | ||
| 020 |
_a9788055161136 _q(viazané) |
||
| 035 | _aurn:nbn:sk:snk-am00dbcd | ||
| 035 | _aurn:nbn:sk:snk-am3hwdd | ||
| 035 | _a485DB209-D26A-49EB-AD77-B6C4F981863A | ||
| 040 |
_aPPPK _bslo _cPPPK _dSNK _erda |
||
| 041 | 1 |
_aslo _hcze |
|
| 044 |
_axo _cSK |
||
| 072 | 7 |
_a796 _xŠport. Hry. Telesné cvičenia _2konspekt |
|
| 072 | 7 |
_a929 _xBiografie _2konspekt |
|
| 080 |
_a796.332 _22011 |
||
| 080 |
_a796.332.071.43 _22011 |
||
| 080 |
_a(437) _22011 |
||
| 080 |
_a(437.6) _22011 |
||
| 080 |
_a(092) _22011 |
||
| 080 |
_a796.332.071.2 _22011 |
||
| 100 | 1 |
_aFelt, Karel, _d1957- _4aut _92699 |
|
| 240 | 1 | 0 |
_aNaši nejlepší fotbalový trenéři _lSlovensky |
| 245 | 1 | 0 |
_aHviezdy z futbalových lavičiek _cKarel Felt ; z českého originálu Naši nejlepší fotbalový trenéři ... preložil Rastislav Hríbik |
| 250 | _aPrvé vydanie | ||
| 264 | 1 |
_aBratislava _bIkar _c2018 |
|
| 300 |
_a198 strán _bfotografie (prevažne farebné) _c24 cm |
||
| 336 |
_atext _btxt _2rdacontent |
||
| 336 |
_astatický obraz _bsti _2rdacontent |
||
| 337 |
_abez média _bnc _2rdamedia |
||
| 338 |
_azväzok _bnc _2rdacarrier |
||
| 650 | 0 | 7 |
_afutbal _2SNKPH _92700 |
| 650 | 0 | 7 |
_afutbaloví tréneri _2SNKPH _92701 |
| 650 | 0 | 7 |
_aFootball _2SNKPHeng _92702 |
| 650 | 0 | 7 |
_aSoccer coaches _2SNKPHeng _92703 |
| 650 | 0 | 7 |
_afutbalisti _2SNKPH _92704 |
| 650 | 0 | 7 |
_aSoccer players _2SNKPHeng _92705 |
| 651 | 7 |
_aČeskoslovensko _2SNKPHgeo _92068 |
|
| 651 | 7 |
_aSlovensko _2SNKPHgeo _91613 |
|
| 651 | 7 |
_aCzechoslovakia _2SNKPHeng _92069 |
|
| 651 | 7 |
_aSlovakia _2SNKPHeng _91614 |
|
| 655 | 7 |
_abiografie _2SNKPH _91756 |
|
| 655 | 7 |
_aBiography _2SNKPHeng _91759 |
|
| 700 | 1 |
_aHríbik, Rastislav _4trl _92706 |
|
| 958 | _aBX | ||
| 958 | _aOP | ||
| 958 | _aCZ | ||